| 000 | 01385nam0a22002891 4500 | ||
|---|---|---|---|
| 001 | rc\4473282 | ||
| 005 | 20130416165417.9 | ||
| 021 |
_aRU _b[63-65484] |
||
| 035 | _a(NLR Aleph) 008597933 | ||
| 090 |
_a8685469 _c8685469 |
||
| 100 | _a20130416d1963 |||y0rusy50 ca | ||
| 101 | 0 | _arus | |
| 102 | _aRU | ||
| 105 | _ay z ||||| | ||
| 200 | 1 | _aАприорные оценки и некоторые свойства решений эллиптических и параболических уравнений второго порядка | |
| 210 |
_aНовосибирск _cБ. и. _d1963 |
||
| 215 |
_a10 с. _d22 |
||
| 225 | 1 |
_aАкадемия наук СССР. Сибирское отделение _iМатериалы к Совместному советско-американскому симпозиуму по уравнениям с частными производными. Август 1963, Новосибирск |
|
| 300 | _aНа обл. только загл. серии | ||
| 320 | _aБиблиогр.: с. 9-10 (12 назв.) | ||
| 606 |
_aДифференциальные уравнения с частными производными _xРешение _2psbo |
||
| 700 | 1 |
_aКружков _bС. Н. _gСтанислав Николаевич |
|
| 801 | 0 |
_aRU _bNLR _gpsbo |
|
| 801 | 1 |
_aRU _bELAR _2rusmarc |
|
| 852 |
_aNLR _j63-6/10221 |
||
| 942 | _cBOOK | ||
| 980 | _aNB | ||